Score 0/15 Timer 08:00
0 Plays Today
Cryptogram Game % Correct
LTHUNO
86.2%
KHTHBHZPMONOPOLY
83.4%
WHOOPSORRY
83.3%
OAWXRISK
82.3%
ZANYLIFE
81.5%
PUFDJYYYAHTZEE
76.4%
HBYOUDAHTOPERATION
72.8%
MATCHBINGO
71%
Cryptogram Game % Correct
WDOUDYCHSTRATEGO
70%
MUDDZYWFABBATTLESHIP
69.3%
DOASAUZ BLOWLADTRIVIAL PURSUIT
67.7%
BUOIFYYWAPARCHEESI
66.4%
IOUTALKCRANIUM
65.8%
KLTIFXATMUNCHKIN
60.8%
MUZEYOEUWFBALDERDASH
56%

You're not logged in!

Compare scores with friends on all Sporcle quizzes.
OR
Log In

Sporcle TV

Today on Sporcle TV


Watch our educational content, quiz creation guides, and fun videos on Sporcle TV.

Show Comments

Extras

Top Quizzes Today


Score Distribution

Paid Content

Your Account Isn't Verified!

In order to create a playlist on Sporcle, you need to verify the email address you used during registration. Go to your Sporcle Settings to finish the process.

Report this User

Report this user for behavior that violates our Community Guidelines.

Details: